00209nam a2200085Ia 4500008004100000041000800041100001400049245003600063260002400099230508s2008 xx 000 0 und d aeng aSEDHA R S aTEXTBOOK OF APPLIED ELECTRONICS bS CHANDc2008g2008